วิทยาลัยพยาบาลบรมราชชนนี ยะลา
ระบบห้องสมุดอัตโนมัติ ULIBM BCNYALA - V.6
เปลี่ยนเป็นภาษาไทย

Change to English
 แสดงรายละเอียดบรรณานุกรม
  กลับหน้าหลัก

Brief Record : Get Marc (ISO 2709) : E-mail record : QR code ปิดหน้าต่าง
การเป็นผู้ประกอบการและการสร้างธุรกิจใหม่ Review โดย
ใช้งานได้ทุกระบบ
ห้องสมุดวพบ.ยะลา
ใช้งานได้ทุกระบบ เมื่อ10/เมษายน/2569
สารบัญ

บทที่ 1 ความรู้เบื้องต้นเกี่ยวกับการเป็นผู้ประกอบการ
บทที่ 2 คุณลักษณะของผู้ประกอบการ
บทที่ 3 การวิเคราะห์ปัญหาและโอกาสของผู้ประกอบการ
บทที่ 4 การสร้างธุรกิจและกระบวนการจัดตั้งธุรกิจ
บทที่ 5 การแสวงหาโอกาสใหม่ทางธุรกิจ
บทที่ 6 การบริหารทรัพยากรมนุษย์
บทที่ 7 ภาวะผู้นำกับการเป็นผู้ประกอบการ
บทที่ 8 การเขียนแผนธุรกิจที่มีประสิทธิภาพ
บทที่ 9 การบริหารเงินทุนและการระดมทุน
บทที่ 10 การเตรียมการเพื่อการเจริญเติบโต
บทที่ 11 เทคนิคการพัฒนาธุรกิจ
บทที่ 12 บทบาทและความรับผิดชอบของผู้ร่วมลงทุน
บทที่ 13 จริยธรรมผู้ประกอบการ
บทที่ 14 แนวโน้มของการเป็นผู้ประกอบการในอนาคต

E-books : เกี่ยวกับ Collections
LEADER 00000nam 2200000uu 4500
001    3843
003     ULIBM
008    260410s2562||||th 000 0 tha d
020    ^a9786160833993
050  4 ^aHD62.5^bก412ก
100 0  ^aกัลยารัตน์ ธีระธนชัยกุล
245 10 ^aการเป็นผู้ประกอบการและการสร้างธุรกิจใหม่/^cกัลยารัตน์ ธีระธนชัยกุล
250    ^aพิมพ์ครั้งที่ 1
260    ^aกรุงเทพฯ :^bซีเอ็ดยูเคชั่น,^c2562.
300    ^a352หน้า :^bภาพประกอบ;^c24 ซม.
650  7 ^aการจัดการธุรกิจ
650  7 ^aผู้ประกอบการ
999    ^aฮัซวานี
รายการนี้ยังไม่มีแท็ก
คุณยังไม่ได้ล็อกอิน คุณสามารถมีกิจกรรมร่วมกับเว็บไซต์ได้ แต่ต้องล็อกอินก่อน ::
  ล็อกอิน
ลำดับที่ ประเภท เลขเรียก สถานที่ สถานะ
1. หนังสือทั่วไป
หนังสือทั่วไป
HD62.5 ก412ก 2562 ฉ.1 
  
ห้องสมุดวพบ.ยะลา
►หนังสือทั่วไปภาษาไทย
On Shelf
2. หนังสือทั่วไป
หนังสือทั่วไป
HD62.5 ก412ก 2562 ฉ.2 
  
ห้องสมุดวพบ.ยะลา
►หนังสือทั่วไปภาษาไทย
On Shelf
3. หนังสือทั่วไป
หนังสือทั่วไป
HD62.5 ก412ก 2562 ฉ.3 
  
ห้องสมุดวพบ.ยะลา
►หนังสือทั่วไปภาษาไทย
On Shelf
   [แสดง 3/3 รายการ]

รายการใกล้เคียง
    หัวเรื่อง [การจัดการธุรกิจ]

BibComment


ยังไม่เคยถูกคอมเมนท์

คอมเมนท์ทรัพยากรรายการนี้
  คอมเมนท์: การเป็นผู้ประกอบ..
Bib 3843

 
 
 

 Union Library Management : ULibM

ดูหนังออนไลน์

Copyright 2026. All Rights Reserved.